Las aventuras de Tom Sawyer

Uloženo v:
Podrobná bibliografie
Hlavní autor: Twain, Mark (Autor)
Médium: Kniha
Jazyk:španělština
Vydáno: Santiago Lo Castillo 1985
Edice:Biblioteca Escolar Apuntes, 28
Témata:
Tagy: Přidat tag
Žádné tagy, Buďte první, kdo vytvoří štítek k tomuto záznamu!

MARC

LEADER 00000nam a2200000 a 4500
001 UCH4376
003 CL-VaPUC
008 090818e19850000CL |||||||||||||||||spa|d
082 0 4 |a 813  |b TWA  |2 21 
100 0 |a Twain, Mark  |e author  |9 243 
245 1 4 |a Las aventuras de Tom Sawyer 
300 |a 127 p 
942 |c BK 
945 |d 20090818 00:00:00  |a lazolas 
260 |a Santiago  |b Lo Castillo  |c 1985 
650 0 |a Novelas estadounidenses  |9 265217 
583 |a last modification  |c 20090818 00:00:00  |k Rodrigo Vera 
490 0 |a Biblioteca Escolar Apuntes, 28 
999 |c 335700  |d 335698